अटलजी के नाम : (Record no. 118065)

MARC details
000 -LEADER
fixed length control field 01329nam a22002657a 4500
005 - DATE AND TIME OF LATEST TRANSACTION
control field 20170124103105.0
010 ## - LIBRARY OF CONGRESS CONTROL NUMBER
LC control number B-013391
020 ## - INTERNATIONAL STANDARD BOOK NUMBER
Terms of availability 180.00
035 ## - SYSTEM CONTROL NUMBER
System control number B-013391
037 ## - SOURCE OF ACQUISITION
Source of stock number/acquisition Cen Lib/Ret
040 ## - CATALOGING SOURCE
Original cataloging agency DPL
Language of cataloging HN
082 ## - DEWEY DECIMAL CLASSIFICATION NUMBER
Classification number 080
Item number गोस्वामी
100 ## - MAIN ENTRY--PERSONAL NAME
Personal name गोस्वामी, श्रवणकुमार
9 (RLIN) 43912
245 ## - TITLE STATEMENT
Title अटलजी के नाम :
Statement of responsibility, etc श्रवणकुमार गोस्वामी
Remainder of title एक धारावाहिक पत्र /
246 ## - VARYING FORM OF TITLE
Title proper/short title Atal jee ke name : ek dharavahik patr /
Remainder of title by Shravankumar Goswami
260 ## - PUBLICATION, DISTRIBUTION, ETC. (IMPRINT)
Place of publication, distribution, etc नयी दिल्ली
Name of publisher, distributor, etc भारतीय प्रकाशन संस्थान
Date of publication, distribution, etc 2000
270 ## - ADDRESS
City नयी दिल्ली
Address 24/4855, अंसारी रोड, दरयागंज
Postal code 110002
300 ## - PHYSICAL DESCRIPTION
Extent 235पृ.
Dimensions 19सेमी(सजिल्द )
500 ## - GENERAL NOTE
General note परिशिष्ट एवं सन्दर्भ सूची शामिल
650 ## - SUBJECT ADDED ENTRY--TOPICAL TERM
Topical term or geographic name as entry element हिंदी--पत्रकारिता
9 (RLIN) 1191
650 ## - SUBJECT ADDED ENTRY--TOPICAL TERM
Topical term or geographic name as entry element हिंदी--पत्रकारिता--पत्र लेखन
9 (RLIN) 78188
650 ## - SUBJECT ADDED ENTRY--TOPICAL TERM
Topical term or geographic name as entry element Hindi--Journalism
9 (RLIN) 43511
650 ## - SUBJECT ADDED ENTRY--TOPICAL TERM
Topical term or geographic name as entry element Hindi--Journalism--letter writing
9 (RLIN) 78189
942 ## - ADDED ENTRY ELEMENTS (KOHA)
Source of classification or shelving scheme Dewey Decimal Classification
Koha item type Hindi Books
Classification part 080
Call number suffix गोस्वामी
Holdings
Withdrawn status Lost status Damaged status Not for loan Home library Current library Date acquired Source of acquisition Cost, normal purchase price Total Checkouts Full call number Barcode Date last seen Copy number Cost, replacement price Price effective from Koha item type
        Central Library Central Library 09/09/2015 Cen Lib/Ref 180.00   080 गोस्वामी B-013391 09/09/2015 1 180.00 09/09/2015 Hindi Books

© Delhi Public Library
Hit Counter
free hit counter